000 00915nam a22002417a 4500
005 20240530110358.0
008 150115s2009 ua o a 000 j ara d
017 _a2009/1627
_bمصر . دار الكتب المصرية
020 _a977304338x
040 _aEG-CaGPL
041 0 _aara
_heng
082 0 4 _221
_a823.02
_bط/ ب د
100 1 _aبلاكستون ، ستيلا
245 1 0 _aتعالى هنا يا كوكى /
_cتاليف ستيلا بلاكستون ؛ رسوم كارولين مكفورد
260 _aالقاهرة :
_bدار الياس العصرية للطباعة و النشر ،
_c2009
300 _aبدون ترقيم :
_bصور لو ؛
_c24 سم
650 0 4 _aكتب الاطفال
650 0 4 _aقصص الاطفال
650 0 4 _aثقافة الطفل
700 1 _aمكفورد ، كارولين
_eرسام
942 _2ddc
_cBK
999 _c60211
_d60211